000 00313nam a22001217a 4500
999 _c160914
_d160914
082 _a
_b
245 _aAsiatic researches history and antiquities the arts sciences ethnology and literature of Asia (v.1)
260 _aNew Delhi:
_bCosmo,
_c1979.
300 _a379p.
600 _a
650 _a
942 _cBK